000 00676nam a2200253Ia 4500
005 20250425161825.0
008 250425s9999 xx 000 0 und d
041 _aspa
043 _aec
082 _a382.09866
100 _aFALCONI MORALES, JUAN
245 0 _aEL ECUADOR FRENTE A LA ORGANIZACION MUNDIAL DEL COMERCIO (OMC)
250 _aS.E.
260 _aEcuador
_bBANCO CENTRAL DEL ECUADOR
_c1996
260 _aGUAYAQUIL
300 _a281
650 _aCOMERCIO EXTERIOR
650 _aECUADOR
650 _aORGANIZACION MUNDIAL DEL COMERCIO
650 _aPROPIEDAD INTELECTUAL
710 _aBANCO CENTRAL DEL ECUADOR
942 _c01
010 _a31167
999 _c216836
_d216836